000
00300nam a2200145Ia 4500
100
_a
Pfleeger/Charles P
250
_a
3
942
_c
RB
654
_a
security
245
_a
Security in computing
260
_b
Pearson Education
_c
2003
082
_a
5.8
_b
PFL
300
_a
746
546
_a
ENGLISH
999
_c
32410
_d
32410